000
00327nam a22001337a 4500
008
181102b xxu||||| |||| 00| 0 eng d
020
_a
9780757500596
041
_a
eng
080
_2
3rd
_a
610.73
100
_a
2
101
_a
INF
245
_a
Fetal Heart Monitoring Principles & Practices
_c
Feinstein,N
942
_2
udc
_c
BK
999
_c
51581
_d
51581